000 00734nam a2200277 a 4500
001 vtls001665823
003 NLI
005 20210628145216.0
008 130205s1963 ii 000 1 mal
020 _cRs. 1.50
039 9 _y201302051936
_zVLOAD
040 0 _aNLI
_bmal
_cENTERTECH - MALAYALAM
_eAACR2
041 0 _amal
044 _aii
082 0 4 _a894.8123
100 0 _aPatiyattu
_91095618
245 1 0 _aCorakannukal, pseud /
_cPatiyattu
260 _aTrichur :
_bAmina book stall,
_c1963
300 _c18 cm.
650 0 _aMalayalam Fiction
_9684461
887 _a
901 _a6688
_b28.01.1963
902 _aMal 894.8123 P 886 co
949 _AVIRTUAITEM
_D10000
_X100
_6DBA000006688MAL
942 _2ddc
_cBKS
999 _c1115744
_d1115744